000 00974nam0a22003131 4500
001 RU\NLR\A1SV\99850
005 20260120140407.0
035 _a(NLR Aleph) 009781203
090 _a10096388
_c10096388
100 _a20091210d1926 u y0rusy50 ca
101 0 _arus
102 _aRU
200 1 _aПрофессиональный труд и здоровье
_eОчерки по проф. гигиене
_fА.И.Пахомычев
210 _aМ.
_cВопр. труда
_d1926
215 _a240 с.
_cил.
_d18 см
300 _aНапеч. в Н.-Новгороде
320 _aБиблиогр.: с.233
620 _dМосква
620 _dНижний Новгород
700 1 _aПахомычев
_bА.И.
_f1887-1960
_gАлександр Иванович
801 0 _aRU
_bNLR
_c20091210
852 _aNLR
_j19/429
899 _aРГБ
899 _aКирОУНБ
899 _aГПИБ
942 _cBOOK
980 _aA1SV
980 _aNB